La Cuestión indígena en el Estado y la sociedad nacional: Gran Chaco 1870-1920
Đã lưu trong:
| Định dạng: | Texto |
|---|---|
| Những chủ đề: | |
| Các nhãn: |
Thêm thẻ
Không có thẻ, Là người đầu tiên thẻ bản ghi này!
|
MARC
| LEADER | 00000 a a2200000 04500 | ||
|---|---|---|---|
| 001 | 1884 | ||
| 003 | |||
| 040 | |||
| 245 | |a La Cuestión indígena en el Estado y la sociedad nacional: |b Gran Chaco 1870-1920 | ||
| 500 | |a Datos de edición: San Salvador de Jujuy, Universidad Nacional de Jujuy, 2000. 224 p | ||
| 650 | |a AMERINDIOS | ||
| 650 | |2 Macrothesaurus de la OCDE | ||
| 650 | |a ACULTURACION | ||
| 650 | |a DISCRIMINACION RACIAL | ||
| 650 | |a INTEGRACION CULTURAL | ||
| 650 | |a LITERATURA | ||
| 650 | |a RESEÑA BIBLIOGRAFICA | ||
| 773 | |g número 52; páginas 255-256 | ||
| 999 | |c 39457 |d 39457 | ||
